Gesellschaft für biotechnologische forschung mbH Braunschweig-Stöckheim (Registro nro. 112)

Detalles MARC
000 -CABECERA
Campo de control 00679nam a2200205 a 4500
005 - FECHA Y HORA DE LA ULTIMA TRANSACCION
Campo de control 20160219184856.0
008 - ELEMENTOS DE LONGITUD FIJA—INFORMACION GENERAL
Campo de control 140114t1995 gw ado fr|||| 00| 0 dan d
020 ## - ISBN
ISBN 09350497
040 ## - FUENTE DE CATALOGACIÓN
Agencia catalogadora original CO-BoIAVH
Agencia transcriptora CO-BoIAVH
041 0# - IDIOMA
Código de idioma para texto/pista de sonido o título separado Alemán
044 ## - PAÍS DE PUBLICACIÓN
País de publicación Alemania
082 04 - NUMERO DE CLASIFICACION DECIMAL DEWEY
Número de clasificación 660.6
Número del ítem G38g
110 2# - ASIENTO PRINCIPAL--NOMBRE CORPORATIVO
Unidad subordinad Gesellschaft fur Biotechnologische Forschung
9 (RLIN) 3850
245 10 - MENCION DE TITULO
Título Gesellschaft für biotechnologische forschung mbH Braunschweig-Stöckheim
260 ## - PUBLICACION, DISTRIBUCION, ETC. (PIE DE IMPRENTA)
Lugar de publicación, distribución, etc. Braunschweig :
Nombre del editor, distribuidor, etc. GBF,
Fecha de publicación, distribución, etc. c1995.
300 ## - DESCRIPCION FISICA
Extensión 282 páginas :
Otros detalles físicos Ilustraciones ( algunas a color), gráficos, fotografías ;
Dimensiones 30 x 21 cm.
650 16 - ASIENTO SECUNDARIO DE MATERIA - TERMINO TEMATICO
Término temático o nombre geográfico como elemento de entrada Biotecnología
9 (RLIN) 61505
650 26 - ASIENTO SECUNDARIO DE MATERIA - TERMINO TEMATICO
Término temático o nombre geográfico como elemento de entrada Biología molecular
9 (RLIN) 61506
942 ## - ELEMENTOS ADICIONALES (KOHA)
Tipo de ítem Libro
Sistema de clasificación Dewey Decimal Classification
Existencias
Withdrawn status Lost status Sistema de Clasificación Damaged status No para préstamo Colección Inventariado Ubicación Permanente Ubicación actual Fecha de adquisición Fuente de Valor Valor Total Checkouts Número topográfico Inventario / Código de Barras Date last seen Ejemplar Price effective from Forma de adquisición Tipo de material
    Dewey Decimal Classification     General Inventariado 2017 Bogotá Bogotá 22/12/1997 Instituto 39000.00   LB-660.6 G38g 000141 04/12/2012 Ej. 1 04/12/2012   Libro